| 000 | 00544nam a2200181 i 4500 | ||
|---|---|---|---|
| 001 | 134077 | ||
| 003 | ES-MaACL | ||
| 005 | 20230906194608.0 | ||
| 007 | t| | ||
| 008 | 070905s1973 sp ||||1| spa d | ||
| 100 | 1 |
_aWarren, Robert Penn. _9116127 |
|
| 245 | 1 | 0 |
_aTe espero en la verde espesura / _cRobert Penn ; [traducción de Manuel Bartolomé]. |
| 250 | _a[1ª ed.]. | ||
| 260 |
_a[Barcelona] : _bNoguer, _c[1973] |
||
| 300 |
_a320 p. ; _c23 cm. |
||
| 700 | 1 |
_aBartolomé López, Manuel. _926171 |
|
| 852 |
_aES-MaACL _jC-53415 _bR.86449 |
||
| 999 |
_c134077 _d134077 |
||